UM Logo

The influence of values and attitudes on green consumer behavior : (Record no. 21115)

MARC details
000 -LEADER
fixed length control field 00941nam a22002177a 4500
003 - CONTROL NUMBER IDENTIFIER
control field OSt
005 - DATE AND TIME OF LATEST TRANSACTION
control field 20250924191704.0
008 - FIXED-LENGTH DATA ELEMENTS--GENERAL INFORMATION
fixed length control field 240830b ||||| |||| 00| 0 eng d
040 ## - CATALOGING SOURCE
Transcribing agency 0
082 ## - DEWEY DECIMAL CLASSIFICATION NUMBER
Classification number DPer 647.94068 In821 January-December 2019 v. 20 n. 1-4
100 ## - MAIN ENTRY--PERSONAL NAME
Personal name Rahman, Imran.
Relator term author.
9 (RLIN) 59593
245 ## - TITLE STATEMENT
Title The influence of values and attitudes on green consumer behavior :
Remainder of title a conceptual model of green hotel patronage /
Statement of responsibility, etc. Imran Rahman, and Dennis Reynolds.
260 ## - PUBLICATION, DISTRIBUTION, ETC. (IMPRINT)
Place of publication, distribution, etc. United Kingdom ;
Name of publisher, distributor, etc. Taylor & Francis Group ,
Date of publication, distribution, etc. January-March 2019.
300 ## - PHYSICAL DESCRIPTION
Extent Volume 20, pages 47-74 :
Other physical details illustration ;
Dimensions 25 cm.
500 ## - GENERAL NOTE
General note International Journal of Hospitality & Tourism Administration, vol. 20, no. 1, pages 47-74, January-March 2019.
650 #0 - SUBJECT ADDED ENTRY--TOPICAL TERM
Topical term or geographic name as entry element Consumer behavior.
9 (RLIN) 23577
650 #0 - SUBJECT ADDED ENTRY--TOPICAL TERM
Topical term or geographic name as entry element Environmental
Source of heading or term concerns.
9 (RLIN) 16129
700 ## - ADDED ENTRY--PERSONAL NAME
Personal name Rahman, Imran.
Relator term author.
9 (RLIN) 59593
700 ## - ADDED ENTRY--PERSONAL NAME
Personal name Reynolds, Dennis.
Relator term author.
9 (RLIN) 59594
942 ## - ADDED ENTRY ELEMENTS (KOHA)
Source of classification or shelving scheme Dewey Decimal Classification
Koha item type Periodicals
Holdings
Withdrawn status Lost status Source of classification or shelving scheme Damaged status Not for loan Collection code Home library Current library Date acquired Total Checkouts Full call number Date last seen Price effective from Koha item type Public note
    Dewey Decimal Classification     Periodicals UM Digos College - LIC UM Digos College - LIC 08/30/2024   DPer 647.94068 In821 January-December 2019 v. 20 n. 1-4 08/30/2024 08/30/2024 Periodicals Periodical Article